Rozvoj a uplatňovanie akademických kompetencií doktorandov technických vied : Recenzovaný zborník z medzinárodnej doktorandskej konferencie. Trnava, 24.4.2014

Saved in:
Bibliographic Details
Corporate Author: Medzinárodná doktorandská konferencia
Other Authors: Kováč, Karol, 1984- (Editor), Rajský, Andrej, 1974- (Reviewer), Prokop, Pavol (Reviewer)
Format: Conference Proceeding Book
Language:English
Published: Košice Equilibria 2014
Edition:1. vyd.
Tags: Add Tag
No Tags, Be the first to tag this record!

MARC

LEADER 00000nam a22000003a 4500
001 stu291592
005 20150622023049.2
008 140617s--------xo------------------eng-d
020 |a 978-80-8143-144-9 
040 |a STU  |b slo 
041 0 |a eng 
044 |a xo 
100 1 |a Kováč, Karol,  |d 1984-  |4 edt  |u M0100  |U MTF Materiálovotechnologická fakulta  |T MTF Centrum jazykov, humanitných vied a akademického športu  |X 60821  |U M0100  |Y 472  |7 A000060821 
242 0 0 |a International conference on development and implementation of academic competences of PhD students of technical sciences 
245 1 |a Rozvoj a uplatňovanie akademických kompetencií doktorandov technických vied :  |b Recenzovaný zborník z medzinárodnej doktorandskej konferencie. Trnava, 24.4.2014 
250 |a 1. vyd. 
260 |a Košice  |b Equilibria  |c 2014 
300 |a 170 p 
700 1 |a Rajský, Andrej,  |d 1974-  |4 rev  |u M0100  |U MTF Materiálovotechnologická fakulta  |T MTF Centrum jazykov, humanitných vied a akademického športu  |X 3786  |U M0100  |Y 472  |7 A000003786 
700 1 |a Prokop, Pavol  |4 rev 
711 2 |a Medzinárodná doktorandská konferencia  |d 24.4.2014  |c Trnava 
996 |b 284M086098  |c M*Z-4200  |l MMKN  |s A  |a 24  |w stu291592_0001 
996 |b 284M086101  |c M*Z-4203  |l MMKN  |s A  |a 24  |w stu291592_0002 
996 |b 284M086102  |c M*Z-4204  |l MMKN  |s A  |a 24  |w stu291592_0003 
996 |b 284M086103  |c M*Z-4205  |l MMKN  |s A  |a 24  |w stu291592_0004 
996 |b 284M086104  |c M*Z-4206  |l MMKN  |s A  |a 24  |w stu291592_0005 
996 |b 284M086105  |c M*Z-4207  |l MMKN  |s A  |a 24  |w stu291592_0006 
996 |b 284M086106  |c M*Z-4208  |l MMKN  |s A  |a 24  |w stu291592_0007 
996 |b 284M086107  |c M*Z-4209  |l MMKN  |s A  |a 24  |w stu291592_0008 
996 |b 284M086108  |c M*Z-4210  |l MMKN  |s A  |a 24  |w stu291592_0009 
996 |b 284M086109  |c M*Z-4211  |l MMKN  |s A  |a 24  |w stu291592_0010 
996 |b 284M086110  |c M*Z-4212  |l MMKN  |s A  |a 24  |w stu291592_0011 
996 |b 284M086111  |c M*Z-4213  |l MMKN  |s A  |a 24  |w stu291592_0012 
996 |b 284M086112  |c M*Z-4214  |l MMKN  |s A  |a 24  |w stu291592_0013 
996 |b 284M086113  |c M*Z-4215  |l MMKN  |s A  |a 24  |w stu291592_0014 
996 |b 284M086114  |c M*Z-4216  |l MMKN  |s A  |a 24  |w stu291592_0015 
996 |b 284M086115  |c M*Z-4217  |l MMKN  |s A  |a 24  |w stu291592_0016 
996 |b 284M086116  |c M*Z-4218  |l MMKN  |s A  |a 24  |w stu291592_0017 
996 |b 284M086127  |c M*Z-4220  |l MMKN  |s A  |a 24  |w stu291592_0018 
996 |b 284M086099  |c M*Z-4201  |l MMKN  |s A  |a 24  |w stu291592_0019 
996 |b 284M086100  |c M*Z-4202  |l MMKN  |s A  |a 24  |w stu291592_0020 
996 |b 284M086126  |c M*Z-4224  |l MMKN  |s A  |a 24  |w stu291592_0021